00538nam a2200181 a 4500008004100000020002500041100002500066245008600091260004100177300002600218500002000244650001500264650002800279700002200307003000100329005001700330040000900347  a9781904627654 (pbk.)1 aFishman, Jonathan M.10aHistory taking in medicine and surgery /cJonathan M Fishman and Laura M Fishman. aEgerton court :bPastest Ltd,c2005. axxv, 296 p. ;c21 cm. aIncludes index. aDiagnosis. aMedical history taking. aFishman, Laura M.20230120204145.0 cNUST